000 00894 a2200217 4500
010 _aENG-89110
020 _a8124603308
_c360.00
035 _aEN-72643
037 _bDBAD / PUB
082 1 4 _a250
090 _c10236
_d10236
100 _aVijay Kumar Singh
245 _aSects in Tibetan Buddhism:
_bcomparison of practices between Gelugpa and Nyingmapa sects/
_cby Vijay Kumar Singh
260 _bD.K Printworld
_c2006
_aNew Delhi
270 _a'Sri Kunj ', F-52. Bali Nnager Ramesh Nager Metro Station
_bNew Delhi
_e110015
_k011-25453975, 011-25466019
_l01125465926
_mdkprintworld@vsnl.net
300 _axv,184p
_c23cm (Hb )
490 _aEmerging perceptions in Buddhist studies; no. 21
500 _aIncludes bibliographical references and index
942 _adpl
_cEN
_k250/SIN
999 _c9996
_d9996